New trend in indian irrigation (Record no. 78795)

MARC details
000 -LEADER
fixed length control field 01075nam a2200241 a 4500
008 - FIXED-LENGTH DATA ELEMENTS--GENERAL INFORMATION
fixed length control field 120416s1992 ||||||||||||||||| || u
020 ## - INTERNATIONAL STANDARD BOOK NUMBER
International Standard Book Number 8170244676
050 ## - LIBRARY OF CONGRESS CALL NUMBER
Classification number S 616.I53 Pan
100 ## - MAIN ENTRY--PERSONAL NAME
Personal name Pant, Niranjan
245 10 - TITLE STATEMENT
Title New trend in indian irrigation
246 ## -
-- commercialisation of ground water
260 ## - PUBLICATION, DISTRIBUTION, ETC.
Place of publication, distribution, etc. New Delhi
Name of publisher, distributor, etc. Ashish
Date of publication, distribution, etc. 1992
300 ## - PHYSICAL DESCRIPTION
Extent xxiii, 116 p.
350 ## -
-- 0.00
650 ## - SUBJECT ADDED ENTRY--TOPICAL TERM
Topical term or geographic name entry element Irrigation - India - Faizabad (District)
650 ## - SUBJECT ADDED ENTRY--TOPICAL TERM
Topical term or geographic name entry element Groundwater - India - Bahraich (District)
650 ## - SUBJECT ADDED ENTRY--TOPICAL TERM
Topical term or geographic name entry element WATER RESOURCES DEVELOPMENT--INDIA--FAIZABAD (DISTRICT)
650 ## - SUBJECT ADDED ENTRY--TOPICAL TERM
Topical term or geographic name entry element Irrigation - India - Bahraich (District)
650 ## - SUBJECT ADDED ENTRY--TOPICAL TERM
Topical term or geographic name entry element WATER RESOURCES DEVELOPMENT--INDIA--BAHRAICH
650 ## - SUBJECT ADDED ENTRY--TOPICAL TERM
Topical term or geographic name entry element Groundwater - India - Faizabad (District)
995 ## -
-- ANNEX COLLECTION (Main Library)
-- 0.00
-- 732551
-- CBU-MAIN LIBRARY (Kitwe)
-- 1
-- 47.50
-- S 616.I53 Pan
-- 1
-- AVAILABLE
-- 029768
-- Annex Low-Usage Collection
995 ## -
-- ANNEX COLLECTION (Main Library)
-- 0.00
-- 732552
-- CBU-MAIN LIBRARY (Kitwe)
-- 2
-- 47.50
-- S 616.I53 Pan
-- 2
-- AVAILABLE
-- 029767
-- Annex Low-Usage Collection
999 ## -
-- 78795
-- 78795
Holdings
Withdrawn status Lost status Source of classification or shelving scheme Damaged status Not for loan Permanent Location Current Location Shelving location Date acquired Total Checkouts Full call number Barcode Date last seen Copy number Price effective from Koha item type
          CBU-MAIN LIBRARY, KITWE. CBU-MAIN LIBRARY, KITWE.   06/06/2023   S 616.I53 Pan 029768 06/06/2023 1 06/06/2023 MONOGRAPH
          CBU-MAIN LIBRARY, KITWE. CBU-MAIN LIBRARY, KITWE.   06/06/2023   S 616.I53 Pan 029767 06/06/2023 2 06/06/2023 MONOGRAPH